|
|
|
|
| LEADER |
00000nam2a2200000 4500 |
| 001 |
293454 |
| 005 |
20231102000608.0 |
| 035 |
|
|
|a (RuTPU)RU\TPU\book\318482
|
| 035 |
|
|
|a RU\TPU\book\318272
|
| 090 |
|
|
|a 293454
|
| 100 |
|
|
|a 20150429d1950 k y0rusy50 ca
|
| 101 |
0 |
|
|a rus
|
| 102 |
|
|
|a RU
|
| 105 |
|
|
|a a z 001zy
|
| 200 |
0 |
|
|a Т. 110, кн. 4
|e [сборник]
|f отв. ред. К. П. Ситников
|
| 210 |
|
|
|d 1950
|
| 215 |
|
|
|a 200 с.
|c ил.
|
| 225 |
1 |
|
|a Биология
|
| 320 |
|
|
|a Библиогр. в конце ст.
|
| 461 |
|
1 |
|0 (RuTPU)RU\TPU\book\283219
|t Ученые записки Казанского университета
|o [сборник научных трудов]
|f Казанский государственный университет (КГУ)
|v Т. 110, кн. 4
|d 1909-
|
| 606 |
1 |
|
|a Биология
|2 stltpush
|3 (RuTPU)RU\TPU\subj\68258
|9 83692
|
| 610 |
1 |
|
|a биологические исследования
|
| 610 |
1 |
|
|a реки
|
| 610 |
1 |
|
|a поймы
|
| 610 |
1 |
|
|a растительность
|
| 610 |
1 |
|
|a биоэкология
|
| 610 |
1 |
|
|a кормовые ресурсы
|
| 675 |
|
|
|a 57
|v 4
|
| 702 |
|
1 |
|a Ситников
|b К. П.
|4 340
|
| 801 |
|
1 |
|a RU
|b 63413507
|c 20150430
|
| 801 |
|
2 |
|a RU
|b 63413507
|c 20170302
|g RCR
|
| 942 |
|
|
|c BK
|